Ναυτική εκπαίδευση και συγκριτική μελέτη : διπλωματική εργασία

Αποθηκεύτηκε σε:
Λεπτομέρειες βιβλιογραφικής εγγραφής
Κύριος συγγραφέας: Μιχαλιός, Γεώργιος
Συγγραφή απο Οργανισμό/Αρχή: Πανεπιστήμιο Αιγαίου Σχολή Επιστημών της Διοίκησης Τμήμα Ναυτιλίας και Επιχειρηματικών Υπηρεσιών Πρόγραμμα Μεταπτυχιακών Σπουδών "Ναυτιλία, Μεταφορές και Διεθνές Εμπόριο - ΝΑ.Μ.Ε."
Άλλοι συγγραφείς: Θεοτοκάς, Γιάννης, 1965- (Εισηγητής διατριβής)
Μορφή: Thesis Βιβλίο
Γλώσσα:Greek
Δημοσίευση: 2012
Θέματα:
Διαθέσιμο Online:http://hdl.handle.net/11610/12940
Ετικέτες: Προσθήκη ετικέτας
Δεν υπάρχουν, Καταχωρήστε ετικέτα πρώτοι!

MARC

LEADER 00000cam a2200000 i 4500
001 1/44216
008 140312s2012 gre d
035 |l 10117085 
040 |a GR-MY-UA  |b gre  |e aacr 
041 0 |a gre 
082 0 |a 387.50711  |2 (23) 
100 1 |a Μιχαλιός, Γεώργιος. 
245 1 0 |a Ναυτική εκπαίδευση και συγκριτική μελέτη :  |b διπλωματική εργασία /  |c Γεώργιος Μιχαλιός ; επιβλέπων καθηγητής Σεραφείμ Κάπρος 
260 |c 2012 
300 |a 109 σ.;  |b φωτ.;  |c 30 εκ. 
502 # # |a Διατριβή (μεταπτυχιακή) – Πανεπιστήμιο Αιγαίου, Χίος, 2012. 
504 |a Βιβλιογραφία: σ.62-64 
650 0 0 |a Shipping  |x Study and teaching. 
650 0 0 |a Dissertations, Academic  |z Greece. 
700 1 |a Θεοτοκάς, Γιάννης,   |d 1965-  |4 ths 
710 1 |a Πανεπιστήμιο Αιγαίου  |b Σχολή Επιστημών της Διοίκησης  |b Τμήμα Ναυτιλίας και Επιχειρηματικών Υπηρεσιών  |b Πρόγραμμα Μεταπτυχιακών Σπουδών "Ναυτιλία, Μεταφορές και Διεθνές Εμπόριο - ΝΑ.Μ.Ε.". 
852 |a INST  |b CHIOS  |c DIATR  |e 20140312  |h 387.50711 ΜΙΧ  |p 005200034905  |q 005200034905  |t MTXE  |y 23 
852 |a INST  |b CHIOS  |c DIATR  |e 20140312  |h 387.50711 ΜΙΧ  |p 005200034906  |q 005200034906  |t MTXE  |y 23 
856 |u http://hdl.handle.net/11610/12940 
901 |a BIBL2-2014-1 
909 |a Χ  |b 176062 
909 |a Χ  |b 176063 
924 |a ΜΙΧΑΛΙΟΣ  |b ΓΕΩΡΓΙΟΣ  |y ΧΙΟΣ  |z 2012-12 
970 |a ΣΠΕΝΤΖΑ  |b ΕΛΕΝΗ  |z 2014/03/12